书目信息 |
| 题名: |
DV宝典
|
|
| 作者: | ;远望图书部 编 | |
| 分册: | ||
| 出版信息: | 北京 人民交通出版社 2005 |
|
| 页数: | 233页 | |
| 开本: | 29cm | |
| 丛书名: | 玩转数码系列丛书 | |
| 单 册: | ||
| 中图分类: | TN948.41 | |
| 科图分类: | ||
| 主题词: | 数字控制摄像机--基本知识 | |
| 电子资源: | ||
| ISBN: | 7-114-05516-1 | |
| 000 | 01309nam0 2200337 450 | |
| 000 | 01272nam0 2200325 450 | |
| 000 | 01270nam0 2200337 450 | |
| 000 | 01216nam0 2200313 450 | |
| 000 | 01245nam0 2200301 450 | |
| 000 | 01208nam0 2200289 45 | |
| 001 | TS2006030361 | |
| 005 | 20061228155446.37 | |
| 010 | @a7-114-05516-1@dCNY35.00 | |
| 100 | @a20060829d2005 em y0chiy0120 ea | |
| 101 | 0 | @achi |
| 102 | @aCN@b110000 | |
| 105 | @aa z 000yy | |
| 200 | 1 | @aDV宝典@ADV Bao Dian@e选购、拍摄、应用、维护全攻略@EXuan Gou、 Pai She、 Ying Yong、 Wei Hu Quan Gong Lue@f远望图书部编@FYuan Wang Tu Shu Bu Bian |
| 210 | @a北京@c人民交通出版社@d2005 | |
| 215 | @a233页@c彩图@d29cm@e光盘1片 | |
| 225 | 2 | @a玩转数码系列丛书 |
| 307 | @a附光盘:ISBN 7-900174-41-9 | |
| 330 | @a本书对家用数码摄像机的概念进行了清晰的阐述和图解,综合介绍了当今市场各品牌DV机的优劣以及购买要点,并结合专业摄像知识,以大量的实例深入浅出地介绍数码影像特效制作的各种方法和技巧。 | |
| 410 | 0 | @12001 @a玩转数码系列丛书 |
| 606 | 0 | @a数字控制摄像机@x基本知识 |
| 690 | @aTN948.41@v4 | |
| 711 | 02 | @a远望图书部@AYuan Wang Tu Shu Bu@4编 |
| 801 | 0 | @aCN@b中图数据@c20061228 |
| 905 | @a10447@dTN948.41@e123 | |
| DV宝典:选购、拍摄、应用、维护全攻略/远望图书部编.-北京:人民交通出版社,2005 |
| 233页:彩图;29cm+光盘1片.-(玩转数码系列丛书) |
| ISBN 7-114-05516-1:CNY35.00 |
| 本书对家用数码摄像机的概念进行了清晰的阐述和图解,综合介绍了当今市场各品牌DV机的优劣以及购买要点,并结合专业摄像知识,以大量的实例深入浅出地介绍数码影像特效制作的各种方法和技巧。 |
| ● |
| 相关链接 |
|
|
|
|
正题名:DV宝典
索取号:TN948.41/123
 
预约/预借
| 序号 | 登录号 | 条形码 | 馆藏地/架位号 | 状态 | 备注 |
| 1 | 0619171 | 206191716 | 第二样本阅览室/ [索取号:TN948.41/123] | 在馆 | |
| 2 | 0619172 | 206191725 | 第三借阅区/ [索取号:TN948.41/123] | 在馆 | |
| 3 | 0619173 | 206191734 | 第三借阅区/ [索取号:TN948.41/123] | 在馆 | |
| 4 | 0619174 | 206191743 | 第三借阅区/ [索取号:TN948.41/123] | 在馆 | |
| 5 | 0619175 | 206191752 | 第三借阅区/ [索取号:TN948.41/123] | 在馆 | |
| 6 | 0619176 | 206191761 | 第三借阅区/ [索取号:TN948.41/123] | 在馆 |